书目信息 |
| 题名: |
餐饮空间设计
|
|
| 作者: | 切沃 著 | |
| 分册: | ||
| 出版信息: | 北京 北京出版社 1999.10 |
|
| 页数: | 159页 | |
| 开本: | 12开 | |
| 丛书名: | ||
| 单 册: | ||
| 中图分类: | TU247.3 | |
| 科图分类: | ||
| 主题词: | 民用建筑--建筑设计 | |
| 电子资源: | ||
| ISBN: | 7-200-03652-8 | |
| 000 | 00536nam0 2200193 45 | |
| 001 | 0002230880 | |
| 005 | 20000223084703.0 | |
| 010 | @a7-200-03652-8@d148.00元 | |
| 100 | @a20000223d1999 km y0chiy0120 ea | |
| 101 | @achi | |
| 105 | @a z 000yy | |
| 200 | 1 | @a餐饮空间设计@ACan Yin Kong Jian She Ji@f切沃著@FQie Wo Zhu |
| 210 | @a北京@c北京出版社@d1999.10 | |
| 215 | @a159页@d12开 | |
| 606 | 0 | @a民用建筑@x建筑设计 |
| 690 | @aTU247.3@v3 | |
| 701 | @a切沃@4著 | |
| 801 | @aCN@bPftUser@c20000223 | |
| 905 | @f5@b48587-591@dTU247.3@eQ.047 | |
| 餐饮空间设计/切沃著.-北京:北京出版社,1999.10 |
| 159页;12开 |
| ISBN 7-200-03652-8:148.00元 |
| ● |
| 相关链接 |
|
|
|
正题名:餐饮空间设计
索取号:TU247.3/Q.047
 
预约/预借
| 序号 | 登录号 | 条形码 | 馆藏地/架位号 | 状态 | 备注 |
| 1 | 48587 | 200485876 | 建筑库101/101建筑库 69排4列2层/ [索取号:TU247.3/Q.047] | 在馆 | |
| 2 | 48588 | 200485885 | 建筑库101/101建筑库 69排4列2层/ [索取号:TU247.3/Q.047] | 在馆 | |
| 3 | 48589 | 200485894 | 自科二线404/404自科库 21排5列1层/ [索取号:TU247.3/Q.047] | 在馆 | |
| 4 | 48590 | 200485901 | 自科二线404/404自科库 20排1列4层/ [索取号:TU247.3/Q.047] | 在馆 | |
| 5 | 48591 | 200485910 | 自科二线404/404自科库 21排5列1层/ [索取号:TU247.3/Q.047] | 在馆 |